书目信息 |
| 题名: |
时空旅行者的沙漏
|
|
| 作者: | 方丈贵惠, 著 ;穆迪 译 | |
| 分册: | ||
| 出版信息: | 北京 新星出版社 2021.05 |
|
| 页数: | 252页 | |
| 开本: | 22cm | |
| 丛书名: | 午夜文库 | |
| 单 册: | ||
| 中图分类: | I313.45 | |
| 科图分类: | ||
| 主题词: | 幻想小说--huan xiang xiao shuo--日本--现代 , 长篇小说--chang pian xiao shuo--日本--现代 | |
| 电子资源: | ||
| ISBN: | 978-7-5133-4414-2 | |
| 000 | 01237oam2 2200325 450 | |
| 001 | 011025152716 | |
| 005 | 20221025152716.0 | |
| 010 | @a978-7-5133-4414-2@dCNY48.00 | |
| 099 | @aCAL 012021057299 | |
| 100 | @a20201004d2021 em y0chiy0120 ea | |
| 101 | 1 | @achi@cjpn |
| 102 | @aCN@b110000 | |
| 105 | @aa z 000ay | |
| 106 | @ar | |
| 200 | 1 | @a时空旅行者的沙漏@Ashi kong lv hang zhe de sha lou@f(日) 方丈贵惠著@g穆迪译 |
| 210 | @a北京@c新星出版社@d2021.05 | |
| 215 | @a252页@c图@d22cm | |
| 225 | 2 | @a午夜文库@Awu ye wen ku@i日系佳作@i方丈贵惠作品@v01 |
| 308 | @a本书为午夜文库之“686” | |
| 312 | @a原题名取自封面 | |
| 314 | @a方丈贵惠,在京都大学就读时参加了京都大学推理小说研究会。 | |
| 330 | @a加茂冬马紧紧握着妻子的左手。一开始以为不过是普通的感冒,结果耽误了就医,这让他悔恨不已。“要是我能多注意一些……”躺在床上的伶奈,眼睛已经失去了神采,可她仍对着加茂微笑…… | |
| 410 | 0 | @12001 @a午夜文库 |
| 500 | 10 | @a時空旅行者の砂時計@mChinese |
| 606 | 0 | @a幻想小说@Ahuan xiang xiao shuo@y日本@z现代 |
| 606 | 0 | @a长篇小说@Achang pian xiao shuo@y日本@z现代 |
| 690 | @aI313.45@v5 | |
| 701 | 0 | @a方丈贵惠,@Afang zhang gui hui ,@f1984-@4著 |
| 702 | 0 | @a穆迪@Amu di@4译 |
| 905 | @a河南城建学院图书馆@dI313.45@eF271 | |
| 时空旅行者的沙漏/(日) 方丈贵惠著/穆迪译.-北京:新星出版社,2021.05 |
| 252页:图;22cm.-(午夜文库.日系佳作.方丈贵惠作品;01) |
| ISBN 978-7-5133-4414-2:CNY48.00 |
| 加茂冬马紧紧握着妻子的左手。一开始以为不过是普通的感冒,结果耽误了就医,这让他悔恨不已。“要是我能多注意一些……”躺在床上的伶奈,眼睛已经失去了神采,可她仍对着加茂微笑…… |
| ● |
| 相关链接 |
|
|
|
正题名:时空旅行者的沙漏
索取号:I313.45/F271
 
预约/预借
| 序号 | 登录号 | 条形码 | 馆藏地/架位号 | 状态 | 备注 |
| 1 | 1585394 | 215853949 | 文学库116/116文学库 14排3列6层/ [索取号:I313.45/F271] | 在馆 | |
| 2 | 1585395 | 215853958 | 文学库116/116文学库 14排3列6层/ [索取号:I313.45/F271] | 在馆 |